00970nam a2200229 a 450000100100000000500170001000800410002704000250006808200150009310000340010824500960014226000340023830000270027249000260029970000420032571000850036783000300045204900090048295201190049195201130061099900170072300001614720250502073819.0100226s1983 dr a 001 0 spa d aDO-SdBNPbspacBNPHU axxxbA485s1 aAmaro Guzmán, Raymundo965613aLa simplificación del trabajo /cRaymundo Amaro Guzmán; prólogo Jorge Morales Yordan. aSanto Domingo :bONAP,c1983. a43 p. :bil. ;c21 cm.1 aGuias informativasv61 aMorales Yordad, Jorgeepról.9361471 aRepública Dominicana.bOficina Nacional de Administración y Personal 926398 0aGuias informativas936148 aBNPD 0010718PDaPDbPDcCTd2010-02-26iLF1l0oxxx A485sp16147-10r2020-06-25te. 2w2020-06-25yLFPDZNo se presta 0010718PDaPDbPDcCTd2010-02-26iLF1l0oxxx A485sp16147-20r2020-06-25w2020-06-25yLFPDZNo se presta c15687d15687